Central Library OPAC University of Rajshahi

پاکستان ناگزیر تھا ;; Pakistan Nagzir Thah / (Record no. 83267)

MARC details
000 -LEADER
fixed length control field 00664nam a22002057a 4500
001 - CONTROL NUMBER
control field 83267
003 - CONTROL NUMBER IDENTIFIER
rucl marc code BD-RjUL
005 - DATE AND TIME OF LATEST TRANSACTION
control field 20240307123847.0
008 - FIXED-LENGTH DATA ELEMENTS--GENERAL INFORMATION
fixed length control field 240307s1967 p ||||| |||| 00| 0 u d
035 ## - SYSTEM CONTROL NUMBER
System control number (BD-RjUL)83267
040 ## - CATALOGING SOURCE
Original cataloging agency BD-RjUL
Language of cataloging eng
Transcribing agency BD-RjUL
041 ## - LANGUAGE CODE
Language code of text/sound track or separate title urd
082 ## - DEWEY DECIMAL CLASSIFICATION NUMBER
Edition number 23
Classification number 954.91
Author mark and year RIP 1967
100 ## - MAIN ENTRY--PERSONAL NAME
Personal name رياض, سيد حسن ;; Riad, Sayed Hassan
9 (RLIN) 12140
245 ## - TITLE STATEMENT
Title پاکستان ناگزیر تھا ;; Pakistan Nagzir Thah /
Statement of responsibility, etc. سيد حسن رياض ;; Syed Hassan Riaz
260 ## - PUBLICATION, DISTRIBUTION, ETC. (IMPRINT)
Place of publication, distribution, etc. Karachi University :
Name of publisher, distributor, etc. Sa'abah tasnif wa talif wa tarjumah Karachi ,
Date of publication, distribution, etc. 1967
300 ## - PHYSICAL DESCRIPTION
Pagination 567 p. ;
Size 23 cm
650 ## - SUBJECT ADDED ENTRY--TOPICAL TERM
Geographic subdivision Pakistan
942 ## - ADDED ENTRY ELEMENTS (KOHA)
Source of classification or shelving scheme Dewey Decimal Classification
Koha item type Books
Holdings
Lost status Source of classification or shelving scheme Damaged status Not for loan Collection code Permanent Location Current Location Shelving location Date acquired Source of acquisition Cost, normal purchase price Total Checkouts Full call number Date last seen Copy number Koha item type
  Dewey Decimal Classification   Not For Loan Non-fiction Central Library, University of Rajshahi Central Library, University of Rajshahi Reading Room 16/09/1969 Book Centre; Karachi 15.00   U 954.91 RIP 1967 07/03/2024 C-1 Books
  Dewey Decimal Classification     Non-fiction Central Library, University of Rajshahi Central Library, University of Rajshahi General Stacks 16/09/1969 Book Centre; Karachi 15.00   U 954.91 RIP 1967 07/03/2024 C-2 Books